000 00328nam a2200145Ia 4500
008 230312s9999||||xx |||||||||||||| ||und||
020 _a0-07-112163-3
082 _a005.133
_bBAI-J
100 _aBailey;Duane
245 0 _aJava structure
260 _bMcgrawhill
_aUK
_c2003
300 _a514
650 _aComputer
942 _cBK
999 _c1901
_d1901